UBT Library

PREHOSPITAL EMERGENCY CARE (Record no. 3971)

000 -LEADER
fixed length control field 00274nam a22001217a 4500
008 - FIXED-LENGTH DATA ELEMENTS--GENERAL INFORMATION
fixed length control field 170130b xxu||||| |||| 00| 0 eng d
041 ## - LANGUAGE CODE
Language code of text/sound track or separate title eng
080 ## - UNIVERSAL DECIMAL CLASSIFICATION NUMBER
Edition identifier 7th
Universal Decimal Classification number 618.2
100 ## - Rafti
Rafti 2
101 ## - Shkurtesa
Shkurtesa inf
245 ## - TITLE STATEMENT
Title PREHOSPITAL EMERGENCY CARE
Statement of responsibility, etc MISTOVICH, J.J
942 ## - ADDED ENTRY ELEMENTS (KOHA)
Source of classification or shelving scheme
Item type Books

No items available.

UBT Library © 2015-2024. All rights reserved University Education for Business and Technology